Thường thức lý luận văn học Sách bồi dưỡng giáo viên cấp II

Guardat en:
Dades bibliogràfiques
Format: Llibre
Idioma:Undetermined
Publicat: Hà Nội Giáo dục 1976
Matèries:
Etiquetes: Afegir etiqueta
Sense etiquetes, Sigues el primer a etiquetar aquest registre!
Thư viện lưu trữ: Trung tâm Học liệu Trường Đại học Cần Thơ
LEADER 00520nam a2200157Ia 4500
001 CTU_9246
008 210402s9999 xx 000 0 und d
082 |a 801.95 
082 |b Th561t/1976 
245 0 |a Thường thức lý luận văn học 
245 0 |b Sách bồi dưỡng giáo viên cấp II 
260 |a Hà Nội 
260 |b Giáo dục 
260 |c 1976 
650 |a literature - history and criticism,literature - philosophy 
980 |a Trung tâm Học liệu Trường Đại học Cần Thơ